The APC (Record no. 101022)

MARC details
000 -LEADER
fixed length control field 00898cam a2200277 4500
008 - FIXED-LENGTH DATA ELEMENTS--GENERAL INFORMATION
fixed length control field 000000n2001 000 0 eng u
020 ## - INTERNATIONAL STANDARD BOOK NUMBER
International Standard Book Number 1842190377
035 ## - SYSTEM CONTROL NUMBER
System control number (Sirsi) u109893
041 ## - LANGUAGE CODE
Language code of text/sound track or separate title eng
050 ## - LIBRARY OF CONGRESS CALL NUMBER
Classification number 333.3307
-- 18
100 ## - MAIN ENTRY--PERSONAL NAME
Personal name Wilkinson, John
110 ## - MAIN ENTRY--CORPORATE NAME
Corporate name or jurisdiction name as entry element Royal Institution of Chartered Surveyors
9 (RLIN) 4900
245 #4 - TITLE STATEMENT
Title The APC
Remainder of title your practical guide to success
260 ## - PUBLICATION, DISTRIBUTION, ETC.
Place of publication, distribution, etc. London
Name of publisher, distributor, etc. RICS
Date of publication, distribution, etc. 2001
300 ## - PHYSICAL DESCRIPTION
Extent xi, 90p.
Dimensions 21cm.
350 ## - PRICE (NR) (BK AM CF MU VM SE) [OBSOLETE]
Price 14.95
520 ## - SUMMARY, ETC.
Summary, etc. Based on the author's experiences, the guide covers the whole process from enrolment to final interview, including referral and the appeal system. Officially endorsed by the RICS.
520 ## - SUMMARY, ETC.
Summary, etc. Superseded by second edition (ISBN 1842191217).
650 ## - SUBJECT ADDED ENTRY--TOPICAL TERM
Topical term or geographic name entry element APC
9 (RLIN) 6216
650 ## - SUBJECT ADDED ENTRY--TOPICAL TERM
Topical term or geographic name entry element COMPETENCIES
650 ## - SUBJECT ADDED ENTRY--TOPICAL TERM
Topical term or geographic name entry element DIARIES
650 ## - SUBJECT ADDED ENTRY--TOPICAL TERM
Topical term or geographic name entry element LOGBOOKS
650 ## - SUBJECT ADDED ENTRY--TOPICAL TERM
Topical term or geographic name entry element INTERVIEWS
690 ## - LOCAL SUBJECT ADDED ENTRY--TOPICAL TERM (OCLC, RLIN)
Topical term or geographic name as entry element EDUCATION-APC
942 ## - ADDED ENTRY ELEMENTS (KOHA)
Suppress in OPAC 0
Holdings
Withdrawn status Lost status Source of classification or shelving scheme Damaged status Not for loan Home library Current library Shelving location Date acquired Cost, normal purchase price Total Checkouts Full call number Barcode Date last seen Date last checked out Copy number Cost, replacement price Price effective from Koha item type
    Dewey Decimal Classification     London London RICS Boxes 18/05/2001 14.95 1 RICS 2001/18 30064289 06/08/2019 13/04/2005 1 14.95 06/08/2019 Archive
    Dewey Decimal Classification     London London RICS Boxes 18/05/2001 14.95   RICS 2001/18 30067204 06/08/2019   2 14.95 06/08/2019 Reference material
    Dewey Decimal Classification     London London RICS Boxes 08/08/2001   31 RICS 2001/18 30064768 06/08/2019 28/03/2008 4   06/08/2019 Book